• 首页
  • 本馆介绍
  • 公告通知
  • 最新文献
  • 馆藏检索
  • 电子资源
  • 读者导购
  • 参考咨询
  • 我的图书馆
  • 登录
  • 详细信息显示
  • 放入我的书架
  • 预约/预借图书
  • 作者相关作品
  • 分类相关作品
  • 丛书相关作品
  • 出版社相关作品

书目信息

  • 表格格式
  • 工作单格式
  • 卡片格式
题名:
法国通史
    
 
作者: 张芝联 主编
分册:  
出版信息: 沈阳   辽宁大学出版社  2000
页数: 784页,32页图版
开本: 21cm
丛书名:
单 册:
中图分类: K565.0
科图分类:
主题词: 法国--通史
电子资源:
ISBN: 7-5610-4079-2
000 00616nam0 2200217 45
001 CAL 012001162554
005 20041209110427.5
010    @a7-5610-4079-2@dCNY68.00
100    @a20010301d2000 em y0chiy0121 ea
101 0  @achi
102    @aCN@b210000
105    @aabcfa 000yy
200 1  @a法国通史@Afa guo tong shi@f张芝联主编@FZhang Zhi Lian Zhu Bian
210    @a沈阳@c辽宁大学出版社@d2000
215    @a784页,32页图版@c图,地图,彩图,肖像@d21cm
320    @a有书目。
606 0  @a法国@x通史
690    @aK565.0@v4
701  0 @a张芝联@4主编
801    @aCN@bTSTC@c20020403
905    @b307282-286@dK565.0@e17@f5
    
    法国通史/张芝联主编.-沈阳:辽宁大学出版社,2000
    784页,32页图版:图,地图,彩图,肖像;21cm
    
    
    ISBN 7-5610-4079-2:CNY68.00
    
●
相关链接 在E读中查询图书 在五车中查询图书 在当当中查询图书 在豆瓣中查询图书


正题名:法国通史     索取号:K565.0/17         预约/预借

序号 登录号 条形码 馆藏地/架位号 状态 备注
1 0307282   203072824   密集书库/ [索取号:K565.0/17] 在馆    
2 0307283   203072833   密集书库/ [索取号:K565.0/17] 在馆    
3 0307284   203072842   第二借阅区/ [索取号:K565.0/17] 在馆    
4 0307285   203072851   第二借阅区/ [索取号:K565.0/17] 在馆    
5 0307286   203072860   第二样本阅览室/ [索取号:K565.0/17] 在馆    
唐山师范学院图书馆 欢迎您!
大连网信软件有限公司© 版权所有